Motions-emotions (Record no. 18395)

MARC details
000 -LEADER
fixed length control field 00686nam a2200205Ia 4500
003 - CONTROL NUMBER IDENTIFIER
control field IN-BaIIA
008 - FIXED-LENGTH DATA ELEMENTS--GENERAL INFORMATION
fixed length control field 211028s9999 xx 000 0 eng d
040 ## - CATALOGING SOURCE
Transcribing agency IIA Library
080 ## - UNIVERSAL DECIMAL CLASSIFICATION NUMBER
Universal Decimal Classification number [8]:01:00
Item number MOT
245 #0 - TITLE STATEMENT
Title Motions-emotions
Remainder of title a dedication to Rad
Statement of responsibility, etc. edited by Miller Goss,Lakshmi Saripalli and Richa Malhotra
260 ## - PUBLICATION, DISTRIBUTION, ETC.
Place of publication, distribution, etc. Bangalore
Name of publisher, distributor, etc. Raman Research Institute
Date of publication, distribution, etc. 2011
300 ## - PHYSICAL DESCRIPTION
Extent 128p.
650 ## - SUBJECT ADDED ENTRY--TOPICAL TERM
Topical term or geographic name entry element Biography - Venkatraman Radhakrishnan
9 (RLIN) 35292
650 ## - SUBJECT ADDED ENTRY--TOPICAL TERM
Topical term or geographic name entry element Collection of articles
9 (RLIN) 35293
650 ## - SUBJECT ADDED ENTRY--TOPICAL TERM
Topical term or geographic name entry element Collection of lectures
9 (RLIN) 35294
700 ## - ADDED ENTRY--PERSONAL NAME
Personal name Goss, Miller, ed.
9 (RLIN) 35295
700 ## - ADDED ENTRY--PERSONAL NAME
Personal name Malhotra, Richa, ed.
9 (RLIN) 35296
700 ## - ADDED ENTRY--PERSONAL NAME
Personal name Saripalli, Lakshmi, ed.
9 (RLIN) 35297
942 ## - ADDED ENTRY ELEMENTS (KOHA)
Koha item type Books
Holdings
Withdrawn status Lost status Damaged status Not for loan Home library Current library Shelving location Date acquired Total Checkouts Full call number Barcode Date last seen Price effective from Koha item type
        IIA Library-Bangalore IIA Library-Bangalore General Stacks 08/10/2012   92:52/ MOT 19317 05/11/2021 08/10/2012 Books

Powered by Koha